Manažment, marketing a efektívnosť vo verejnej správe

Salvato in:
Dettagli Bibliografici
Autore principale: Búšik, Jozef
Natura: Capitolo di libro
Lingua:slovacco
Soggetti:
Tags: Aggiungi Tag
Nessun Tag, puoi essere il primo ad aggiungerne!!

MARC

LEADER 00000nla$a2200000$$$4500
001 0132551
005 20240502072512.1
041 0 |a slo 
044 |a SK 
245 1 0 |a Manažment, marketing a efektívnosť vo verejnej správe  |c Jozef Búšik 
500 |a Prezentácia 
610 2 0 |a správa verejná 
610 2 0 |a manažment 
610 2 0 |a riadenie 
610 2 0 |a marketing 
610 2 0 |a rozvoj regionálny 
610 2 0 |a efektívnosť 
100 1 |a Búšik, Jozef